000 00320nam a2200121Ia 4500
008 191201s2019 xx 000 0 und d
100 _aHWANG, Kai and CHEN, Min
245 0 _aBig Data Analytics for Cloud IOT and Cognitive Computing
260 _bWiley
_c2019
300 _a409
650 _aB.Tech(IT)
942 _2ddc
_cBK
999 _c7037
_d7037